| 000 | 00739nam a22002297a 4500 | ||
|---|---|---|---|
| 999 |
_c64541 _d64541 |
||
| 005 | 20240530110737.0 | ||
| 008 | 180904s2008 le a g b 000 0 ara d | ||
| 017 |
_a2008/7624 _bمصر. دار الكتب |
||
| 020 | _a9789770923743 | ||
| 040 |
_aEG-CaGPL _cEG-CaGPL |
||
| 082 | 0 | 4 |
_221 _a219.9\ _bى م |
| 100 | 0 | _aيوسف القرضاوى | |
| 245 | 0 | 1 |
_aموجبات تغير الفتوى فى عصرنا / _bيوسف القرضاوى |
| 250 | _aط.1 | ||
| 260 |
_aالقاهرة : _bدار الشروق ، _c2008 . |
||
| 300 |
_a97 ص. ؛ _c24 سم. |
||
| 650 | 0 | 7 |
_2qrmak _aالقران |
| 650 | 0 | 7 | _aالفتاوى الاسلامية |
| 651 | _2qrmak | ||
| 942 |
_2ddc _cBK |
||